000 00675cam a2200205 4500
001 D4507
008 090401t1980 xxu||||| |||| 00| 0 eng d
035 _a(Sirsi) u3879
041 _aeng
050 _a692.80212
110 _aUnited Kingdom
_bProperty Services Agency
_91138
245 _aPrice adjustment formulae for building contracts: Amendment no.1 to Guide to application and procedure May 1979
260 _aLondon
_bHMSO
_c1980
300 _a7p. 30cm
350 _a0
490 _aSeries
_v2
520 _aCover title: Produced on behalf of the National Consultative Council Working Group on Indices for Building Contracts
942 _n0
948 _c04/03/1997
999 _c85955
_d85955